Florentia Ikonomidou.
Αποθηκεύτηκε σε:
| Κύριος συγγραφέας: | |
|---|---|
| Μορφή: | Βιβλίο |
| Γλώσσα: | Greek English |
| Δημοσίευση: |
[Χ. τ.] :
[χ. ό.],
1997.
|
| Θέματα: | |
| Ετικέτες: |
Προσθήκη ετικέτας
Δεν υπάρχουν, Καταχωρήστε ετικέτα πρώτοι!
|
MARC
| LEADER | 00000cam a2200000 a 4500 | ||
|---|---|---|---|
| 001 | 1/111134 | ||
| 008 | 160617s1997####gr | ||| |||| ||gre|| | ||
| 040 | |a GR-MyUa |b gre |c GR-MyUa |e AACR2 | ||
| 041 | 0 | |a gre |a eng | |
| 082 | 7 | |a 700.92 |2 (23) | |
| 100 | 1 | |a Οικονομίδου, Φλωρεντία. | |
| 245 | 1 | 0 | |a Florentia Ikonomidou. |
| 246 | 1 | |i Τίτλος εξωφύλλου: |a Φλωρεντία Οικονομίδου | |
| 260 | |a [Χ. τ.] : |b [χ. ό.], |c 1997. | ||
| 300 | |a [12] φύλλα : |b εικ. ; |c 28 εκ. | ||
| 500 | |a Κατάλογος έκθεσης: Γκαλερί Άστρα, 1997. | ||
| 600 | 1 | 7 | |2 nlgaf |a Οικονομίδου, Φλωρεντία |v Exhibitions. |
| 852 | |a INST |b SYROS |e 20160617 |h 700.92 ΟΙΚ |p 005500002324 |q 005500002324 |t BK |y 0 | ||
| 970 | |a Κοντού |b Παρασκευή |z 17/06/2016 | ||